Statistics for Biggest U.S. Cities by Letter - D

Click here to take the quiz!

General Stats

  • This quiz has been taken 40,538 times
    (1,698 since last reset)
  • The average score is 8 of 14

Answer Stats

Population State Hint City % Correct
1,345,047Texas"The Big D"Dallas
100%
672,662Michigan"The Motor City"Detroit
99%
716,492ColoradoElevation: 5,280 feetDenver
98%
216,853IowaBiggest in its stateDes Moines
85%
140,640OhioBalkan peace accordsDayton
72%
274,291North CarolinaDuke UniversityDurham
66%
85,884MinnesotaLake Superior portDuluth
62%
102,085IowaOne of the Quad CitiesDavenport
37%
94,333MichiganFord headquartersDearborn
36%
107,008CaliforniaBorders San Francisco{Daly} City
35%
138,541TexasNorth Texas UniversityDenton
32%
106,558FloridaBroward CountyDavie
15%
112,269CaliforniaNASA factoryDowney
13%
91,951FloridaOn Lake MonroeDeltona
13%

Score Distribution

Percentile by Number Answered

Percent of People with Each Score

Your Score History

You have not taken this quiz since the last reset